| 000 | 00361nab a22001097u 4500 | ||
|---|---|---|---|
| 008 | 130520b2006 xxu||||| |||| 00| 0 spa d | ||
| 041 | _aspa | ||
| 100 | 1 |
_aSobrino, Jon _94042 |
|
| 245 | 0 | 0 |
_aAnte la resurrección de un crucificado. Una esperanza y un modo de vivir _cJon Sobrino |
| 773 | 0 |
_tConcilium _gnº318,2006,págs. 107-118 _x0210-1041 _wRev134 |
|
| 942 | _cAR | ||
| 999 |
_c379596 _d379596 |
||